Nick Jonas Filmography - Statistics

General Stats
  • This quiz has been taken 54 times
    9 since last reset
  • The average score is 20 of 92
Answer Stats
Type Year Name % Correct
TV Film 2008 Camp Rock
88%
TV Film 2010 Camp Rock 2: The Final Jam
88%
TV Show 2009-2010 Jonas
88%
Film 2017 Jumanji: Welcome to the Jungle
63%
TV Show 2015 Scream Queens
63%
Film 2015 Careful What You Wish For
50%
Film 2016 Goat
50%
TV Show 2007 Hannah Montana
50%
Film 2019 Jumanji: The Next Level
50%
TV Show 2014-2017 Kingdom
50%
Film 2009 Night at the Museum: Battle of the Smithsonian
50%
Web Series 2021 Calls
38%
Film 2021 Chaos Walking
38%
Web Series 2020 Dash & Lily
38%
Concert Film 2008 Hannah Montana and Miley Cyrus: Best of Both Worlds Concert
38%
TV Show 2013, 2014, 2015 Hawaii Five-0
38%
Concert Film 2009 Jonas Brothers: The 3D Concert Experience
38%
TV Show 2011 Last Man Standing
38%
Theater 2003, 2010 Les Misérables
38%
Film 2023 Love Again
38%
Film 2019 Midway
38%
Film TBA Power Ballad
38%
Film 2023 The Good Half
38%
Film 2019 UglyDolls
38%
Film 2025 You're Cordially Invited
38%
Award Show 2015 2015 Kids' Choice Awards
25%
Theater 2000 A Christmas Carol
25%
Film 2025 A Very Jonas Christmas
25%
Theater 2002 Beauty and the Beast
25%
Documentary 2017 Demi Lovato: Simply Complicated
25%
Theater 2011 Hairspray
25%
Theater 2012 How to Succeed in Business Without Really Trying
25%
Documentary 2019 Jonas Brothers: Chasing Happiness
25%
Web Special 2021 Jonas Brothers Family Roast
25%
Concert Film 2010 Les Misérables in Concert: The 25th Anniversary
25%
TV Show 2011 Mr. Sunshine
25%
TV Show 2009, 2016, 2021, 2023 Saturday Night Live
25%
Film TBA Shout It Out Loud
25%
TV Show 2012 Smash
25%
TV Show 2012 Submissions Only
25%
Theater 2025 The Last Five Years
25%
TV Show 2018 The Voice (Australia)
25%
Award Show 2021 2021 Billboard Music Awards
13%
Theater 2001 Annie Get Your Gun
13%
TV Show 2016, 2019 Carpool Karaoke
13%
TV Show 2016 CMT Crossroads
13%
TV Show 2022 Dancing with Myself
13%
Commercial 2021-Present Dexcom
13%
TV Mini-Series 2008 Disney Channel Games
13%
TV Show 2008, 2010 Extreme Makeover: Home Edition
13%
Documentary 2020 Happiness Continues: A Jonas Brothers Concert Film
13%
TV Show 2010 I Get That a Lot
13%
Short Documentary 2008 Jonas Brothers: Band in a Bus
13%
TV Special 2008 Jonas Brothers: Live in London
13%
TV Documentary 2008 Jonas Brothers: Live & Mobile
13%
TV Show 2008-2010 Jonas Brothers: Living the Dream
13%
TV Show 2010 Live! with Regis and Kelly
13%
TV Show 2012-2013 Married to Jonas
13%
TV Show 2016 Maya & Marty
13%
TV Show 2010 Minute to Win It
13%
Award Show 2013 Miss USA 2013
13%
Documentary 2015 Nick Jonas: The Journey
13%
TV Special 2021 Olympic Dreams Featuring Jonas Brothers
13%
TV Show 2012 Opening Act
13%
TV Show 2016 Running Wild with Bear Grylls
13%
TV Show 2019 Songland
13%
TV Special 2008 Studio DC: Almost Live
13%
TV Show 2010 The Biggest Loser
13%
Theater 2003 The Sound of Music
13%
TV Show 2014-2023 The Voice
13%
TV Show 2012 The X Factor
13%
TV Show 2018 American Idol
0%
TV Short 2013 Boombox All Access with Jonas Brothers
0%
Web Mini-Series 2019 Camp Nick
0%
Commercial 2018 Cigna
0%
TV Show 2011 Dancing with the Stars
0%
Video Game 2010 Disney Sing It: Party Hits
0%
TV Show 2019 Dr. Phil
0%
TV Show 2012 Empire Girls: Julissa and Adrienne
0%
TV Show 2020 Hollywood Game Night
0%
Concert Film 2019 Jonas Brothers: Happiness Begins Tour
0%
Documentary 2007 Jonas Brothers: The Bonus Jonas Edition
0%
Short Documentary 2011 Jonas Brothers: The Journey Unauthorized
0%
TV Documentary 2008 Jonas Brothers: The Making of Lovebug
0%
TV Film 2023 Redefined
0%
TV Special 2025 SNL50: The Anniversary Special
0%
Web Series 2015 Sound Advice
0%
Web Series 2020 Thanks a Million
0%
TV Special 2015 The 2015 iHeartRadio Summer Pool Party
0%
Short Film 2019 The Jonas Brothers Really, Really Miss Game of Thrones
0%
Commercial 2022 Toyota Tundra
0%
TV Show 2016 Watch What Happens Live with Andy Cohen
0%
No matching quizzes found
Score Distribution
Percent of People with Each Score
Percentile by Number Answered
Your Score History
You have not taken this quiz since the last reset